000 00331 a2200133 4500
020 _a9788499511702
020 _a8499511708
041 _aspa
100 _aDisney
245 _aLa bella y la bestia : un dà• en el castillo : los verbos = verbs
260 _aMadrid : Libros Disney, 2011.
300 _a10 p. : il.
942 _cBK
999 _c20486
_d20486